[Event "TUR-chT Superleague 2018"]
[Site "Ankara"]
[Date "2018.07.28"]
[Round "4"]
[White "Soysal, Serkan"]
[Black "Tofan, Ibrahim"]
[Result "1-0"]
[WhiteElo "2406"]
[BlackElo "2169"]
[Annotator "NA"]
[PlyCount "115"]
[EventDate "2018.07.25"]
[EventType "team-tourn"]
[EventCountry "TUR"]
[SourceTitle "playchess.com"]
[Source "ChessBase"]
[SourceQuality "1"]
[TimeControl "40/5400+30:1800+30"]

1. Nf3 {[%emt 0:00:30]} Nf6 {[%emt 0:01:00]} 2. c4 {[%emt 0:00:30]} c5 {[%emt 0:00:30]} 3. Nc3 {[%emt 0:00:00]} Nc6 {[%emt 0:00:00]} 4. e3 {[%emt 0:00:00]} e6 {[%emt 0:05:00]} 5. d4 {[%emt 0:00:30]} d5 {[%emt 0:04:30]} 6. a3 {[%emt 0:01:30]} dxc4 {[%emt 0:04:30]} 7. Bxc4 {[%emt 0:00:30]} a6 {[%emt 0:01:30]} 8. O-O {[%emt 0:10:30]} Be7 {[%emt 0:03:30]} 9. dxc5 {[%emt 0:03:30]} Qxd1 {[%emt 0:01:30]} 10. Rxd1 {[%emt 0:00:00]} Bxc5 {[%emt 0:00:00]} 11. b4 {[%emt 0:01:00]} Be7 {[%emt 0:01:00]} 12. Bb2 {[%emt 0:02:30]} O-O {[%emt 0:01:30]} 13. Be2 {[%emt 0:15:30]} b5 {[%emt 0:03:30]} 14. Nd2 {[%emt 0:07:30]} Bb7 {[%emt 0:01:30]} 15. Nb3 {[%emt 0:00:30]} Rac8 {[%emt 0:07:30]} 16. Rac1 {[%emt 0:02:30]} Rfd8 {[%emt 0:03:30]} 17. Rxd8+ {[%emt 0:00:30]} Nxd8 {[%emt 0:00:30]} 18. Na5 {[%emt 0:10:30]} Ba8 {[%emt 0:09:30]} 19. Na2 {[%emt 0:07:30]} Rxc1+ {[%emt 0:00:30]} 20. Nxc1 {[%emt 0:00:00]} Nd7 {[%emt 0:00:30]} 21. Nd3 {[%emt 0:01:00]} f6 {[%emt 0:06:30]} 22. Bc3 {[%emt 0:03:30]} Bd5 {[%emt 0:08:30]} 23. f3 {[%emt 0:00:30]} e5 {[%emt 0:06:30]} 24. e4 {[%emt 0:01:30]} Be6 {[%emt 0:00:30]} 25. Nb2 {[%emt 0:05:30]} Nb8 {[%emt 0:06:30]} 26. Bd2 {[%emt 0:05:30]} Bd6 {[%emt 0:02:30]} 27. Nd3 {[%emt 0:10:10]} Bc7 {[%emt 0:04:17]} 28. Nc5 {[%emt 0:00:02]} Bb6 {[%emt 0:05:39]} 29. Kf1 {[%emt 0:00:18]} Bxc5 {[%emt 0:00:51]} 30. bxc5 {[%emt 0:00:02]} Nbc6 {[%emt 0:00:51]} 31. Kf2 {[%emt 0:04:07]} Nxa5 {[%emt 0:02:56]} 32. Bxa5 {[%emt 0:00:30]} Nc6 {[%emt 0:00:30]} 33. Bc3 {[%emt 0:00:00]} Kf7 {[%emt 0:02:05]} 34. Ke3 {[%emt 0:00:00]} Bb3 {[%emt 0:00:43]} 35. f4 {[%emt 0:00:24]} Ke7 {[%emt 0:01:26]} 36. g3 {[%emt 0:00:27]} Ba4 {[%emt 0:01:29]} 37. h4 {[%emt 0:03:50]} h6 {[%emt 0:00:51]} 38. g4 {[%emt 0:01:01]} Bc2 {[%emt 0:00:47]} 39. g5 {[%emt 0:01:10]} Bb3 {[%emt 0:01:58]} 40. gxh6 {[%emt 0:04:30]} gxh6 {[%emt 0:00:37]} 41. h5 {[%emt 0:00:59]} Bc2 {[%emt 0:05:30]} 42. fxe5 {[%emt 0:13:59]} fxe5 {[%emt 0:05:30]} 43. Be1 {[%emt 0:00:10]} Nd4 {[%emt 0:01:30]} 44. Bh4+ {[%emt 0:00:09]} Kf7 {[%emt 0:10:44]} 45. Bg4 {[%emt 0:00:56]} Bb3 {[%emt 0:01:12]} 46. Bc8 {[%emt 0:09:54]} a5 {[%emt 0:02:10]} 47. Bb7 {[%emt 0:00:01]} b4 {[%emt 0:05:26]} 48. axb4 {[%emt 0:01:56]} a4 {[%emt 0:00:34]} 49. c6 {[%emt 0:00:04]} Nb5 {[%emt 0:02:59]} 50. Kd2 {[%emt 0:02:06]} a3 {[%emt 0:00:37]} 51. Kc1 {[%emt 0:00:50]} a2 {[%emt 0:01:50]} 52. Kb2 {[%emt 0:00:01]} Nd4 {[%emt 0:00:25]} 53. c7 {[%emt 0:01:01]} Nc2 {[%emt 0:00:19]} 54. c8=Q {[%emt 0:01:24]} a1=Q+ {[%emt 0:00:30]} 55. Kxb3 {[%emt 0:00:00]} Nd4+ {[%emt 0:00:23]} 56. Kc4 {[%emt 0:00:00]} Qa2+ {[%emt 0:00:45]} 57. Kc5 {[%emt 0:00:48]} Nb3+ {[%emt 0:00:33]} 58. Kb6 {[%emt 0:00:41]} 1-0

[Event "TUR-chT Superleague 2018"]
[Site "Ankara"]
[Date "2018.07.28"]
[Round "4"]
[White "Yurtseven, Melih"]
[Black "Dastan, Muhammed Batuhan"]
[Result "0-1"]
[WhiteElo "2404"]
[BlackElo "2552"]
[Annotator "ChessBase"]
[PlyCount "80"]
[EventDate "2018.07.25"]
[EventType "team-tourn"]
[EventCountry "TUR"]
[SourceTitle "playchess.com"]
[Source "ChessBase"]
[SourceQuality "1"]
[TimeControl "40/5400+30:1800+30"]

1. Nf3 {[%emt 0:00:30]} d5 {[%emt 0:01:00]} 2. g3 {[%emt 0:00:30]} c6 {[%emt 0:00:30]} 3. Bg2 {[%emt 0:00:00]} Bg4 {[%emt 0:00:00]} 4. Ne5 {[%emt 0:05:00]} Bf5 {[%emt 0:01:00]} 5. c4 {[%emt 0:03:30]} e6 {[%emt 0:02:30]} 6. cxd5 {[%emt 0:01:30]} exd5 {[%emt 0:00:30]} 7. d4 {[%emt 0:00:30]} Nf6 {[%emt 0:03:30]} 8. Nc3 {[%emt 0:00:30]} Nbd7 {[%emt 0:09:30]} 9. O-O {[%emt 0:03:30]} Be7 {[%emt 0:02:30]} 10. Nxd7 {[%emt 0:05:30]} Qxd7 {[%emt 0:01:30]} 11. Bg5 {[%emt 0:00:30]} h5 {[%emt 0:20:30]} 12. Re1 {[%emt 0:02:30]} Ne4 {[%emt 0:23:30]} 13. Nxe4 {[%emt 0:24:30]} Bxe4 {[%emt 0:02:30]} 14. Bxe4 {[%emt 0:02:30]} dxe4 {[%emt 0:01:30]} 15. Bxe7 {[%emt 0:00:30]} Qxe7 {[%emt 0:00:00]} 16. e3 {[%emt 0:00:30]} O-O-O {[%emt 0:02:00]} 17. b4 {[%emt 0:01:30]} Rd5 {[%emt 0:01:30]} 18. Qa4 {[%emt 0:16:30]} Kb8 {[%emt 0:01:30]} 19. Rac1 {[%emt 0:00:30]} h4 {[%emt 0:00:30]} 20. Rc5 {[%emt 0:00:30]} hxg3 {[%emt 0:06:58]} 21. fxg3 {[%emt 0:00:30]} Rdh5 {[%emt 0:00:00]} 22. Rxh5 {[%emt 0:05:30]} Rxh5 {[%emt 0:00:10]} 23. a3 {[%emt 0:00:00]} Qe6 {[%emt 0:00:53]} 24. Qc2 {[%emt 0:00:00]} Rb5 {[%emt 0:00:52]} 25. Rf1 {[%emt 0:05:55]} f5 {[%emt 0:02:36]} 26. Qf2 {[%emt 0:00:58]} a5 {[%emt 0:02:13]} 27. Kg2 {[%emt 0:07:39]} Qb3 {[%emt 0:02:24]} 28. Ra1 {[%emt 0:03:52]} Ka7 {[%emt 0:01:55]} 29. Kh3 {[%emt 0:00:51]} g5 {[%emt 0:01:32]} 30. a4 {[%emt 0:02:11]} g4+ {[%emt 0:01:13]} 31. Kh4 {[%emt 0:02:19]} Qe6 {[%emt 0:00:59]} 32. Qf4 {[%emt 0:00:01]} Rd5 {[%emt 0:01:50]} 33. Rf1 {[%emt 0:01:41]} axb4 {[%emt 0:01:43]} 34. h3 {[%emt 0:00:00]} Qf6+ {[%emt 0:02:56]} 35. Qg5 {[%emt 0:01:20]} Qh8+ {[%emt 0:00:30]} 36. Qh5 {[%emt 0:00:30]} Qf6+ {[%emt 0:00:00]} 37. Qg5 {[%emt 0:00:00]} Qh8+ {[%emt 0:00:00]} 38. Qh5 {[%emt 0:00:02]} Qxh5+ {[%emt 0:00:03]} 39. Kxh5 {[%emt 0:00:30]} gxh3 {[%emt 0:00:30]} 40. Kh4 {[%emt 0:00:00]} Kb6 {[%emt 0:01:13]} 0-1

[Event "TUR-chT Superleague 2018"]
[Site "Ankara"]
[Date "2018.07.28"]
[Round "4"]
[White "Can, Isik"]
[Black "Shevchenko, Kirill"]
[Result "0-1"]
[WhiteElo "2385"]
[BlackElo "2554"]
[Annotator "ChessBase"]
[PlyCount "102"]
[EventDate "2018.07.25"]
[EventType "team-tourn"]
[EventCountry "TUR"]
[SourceTitle "playchess.com"]
[Source "ChessBase"]
[SourceQuality "1"]
[TimeControl "40/5400+30:1800+30"]

1. e4 {[%emt 0:00:30]} c5 {[%emt 0:01:00]} 2. Nf3 {[%emt 0:00:30]} d6 {[%emt 0:00:30]} 3. d4 {[%emt 0:00:30]} cxd4 {[%emt 0:00:30]} 4. Nxd4 {[%emt 0:00:30]} Nf6 {[%emt 0:00:30]} 5. Nc3 {[%emt 0:00:30]} a6 {[%emt 0:00:30]} 6. Bg5 {[%emt 0:00:00]} Nbd7 {[%emt 0:00:00]} 7. Qe2 {[%emt 0:00:00]} h6 {[%emt 0:01:00]} 8. Bh4 {[%emt 0:00:00]} g6 {[%emt 0:00:30]} 9. f4 {[%emt 0:00:00]} e5 {[%emt 0:00:30]} 10. fxe5 {[%emt 0:00:00]} dxe5 {[%emt 0:00:30]} 11. O-O-O {[%emt 0:00:00]} Qc7 {[%emt 0:00:30]} 12. Nb3 {[%emt 0:00:00]} b5 {[%emt 0:01:30]} 13. Qf3 {[%emt 0:00:00]} Bg7 {[%emt 0:10:30]} 14. Bd3 {[%emt 0:00:00]} O-O {[%emt 0:11:30]} 15. Rhf1 {[%emt 0:01:00]} Bb7 {[%emt 0:07:30]} 16. a3 {[%emt 0:00:30]} Rac8 {[%emt 0:06:30]} 17. Be1 {[%emt 0:00:00]} Nb6 {[%emt 0:07:30]} 18. Kb1 {[%emt 0:20:00]} Nc4 {[%emt 0:05:30]} 19. g4 {[%emt 0:08:30]} Rfd8 {[%emt 0:07:30]} 20. h4 {[%emt 0:05:30]} h5 {[%emt 0:03:30]} 21. gxh5 {[%emt 0:14:30]} Nxh5 {[%emt 0:00:30]} 22. Nc5 {[%emt 0:13:30]} Nf4 {[%emt 0:07:30]} 23. Nxb7 {[%emt 0:03:30]} Qxb7 {[%emt 0:00:00]} 24. Bxc4 {[%emt 0:01:30]} Rxd1+ {[%emt 0:07:00]} 25. Qxd1 {[%emt 0:03:30]} Rxc4 {[%emt 0:05:37]} 26. Qd8+ {[%emt 0:08:48]} Kh7 {[%emt 0:00:56]} 27. h5 {[%emt 0:04:33]} gxh5 {[%emt 0:05:32]} 28. Rg1 {[%emt 0:05:27]} Qc6 {[%emt 0:06:00]} 29. Qh4 {[%emt 0:07:00]} Rd4 {[%emt 0:03:48]} 30. Bg3 {[%emt 0:01:42]} Qh6 {[%emt 0:00:26]} 31. Bxf4 {[%emt 0:02:23]} exf4 {[%emt 0:00:03]} 32. Qh3 {[%emt 0:00:43]} Rd6 {[%emt 0:00:43]} 33. Nd5 {[%emt 0:01:09]} Rg6 {[%emt 0:00:25]} 34. Qf5 {[%emt 0:00:00]} f3 {[%emt 0:00:57]} 35. Rf1 {[%emt 0:00:28]} Qg5 {[%emt 0:00:25]} 36. Qxf7 {[%emt 0:00:41]} Qe5 {[%emt 0:00:17]} 37. Nc3 {[%emt 0:00:29]} Rf6 {[%emt 0:00:15]} 38. Qa7 {[%emt 0:00:29]} Qg3 {[%emt 0:01:02]} 39. Rg1 {[%emt 0:00:30]} h4 {[%emt 0:00:31]} 40. Nd5 {[%emt 0:00:00]} Rg6 {[%emt 0:01:03]} 41. Rh1 {[%emt 0:25:12]} f2 {[%emt 0:07:30]} 42. Ka2 {[%emt 0:02:41]} h3 {[%emt 0:06:28]} 43. Qd7 {[%emt 0:02:13]} h2 {[%emt 0:01:23]} 44. Ne7 {[%emt 0:01:17]} Qe5 {[%emt 0:03:52]} 45. c3 {[%emt 0:00:20]} Rh6 {[%emt 0:00:35]} 46. Nf5 {[%emt 0:01:50]} f1=Q {[%emt 0:01:29]} 47. Rxf1 {[%emt 0:00:09]} h1=Q {[%emt 0:00:00]} 48. Nxg7 {[%emt 0:00:38]} Qxf1 {[%emt 0:01:31]} 49. Nf5+ {[%emt 0:00:52]} Kg6 {[%emt 0:00:26]} 50. Qc6+ {[%emt 0:00:06]} Qf6 {[%emt 0:00:12]} 51. Qe8+ {[%emt 0:00:00]} Qf7+ {[%emt 0:00:04]} 0-1

[Event "TUR-chT Superleague 2018"]
[Site "Ankara"]
[Date "2018.07.28"]
[Round "4"]
[White "Ertan, Can"]
[Black "Benidze, Davit"]
[Result "0-1"]
[WhiteElo "2379"]
[BlackElo "2487"]
[Annotator "TA"]
[PlyCount "70"]
[EventDate "2018.07.25"]
[EventType "team-tourn"]
[EventCountry "TUR"]
[SourceTitle "playchess.com"]
[Source "ChessBase"]
[SourceQuality "1"]

{[%evp 13,70,80,78,62,73,50,71,67,65,68,91,56,71,59,65,64,93,81,83,28,90,78,87,13,27,-7,-10,-8,0,0,66,-37,-27,-38,-27,-34,-32,-32,-41,-30,-41,-25,-26,-27,0,0,162,156,140,161,480,-233,0,-153,-158,-270,-275,-29998,-29999]} 1. e4 g6 2. d4 Bg7 3. Nc3 c6 4. Bc4 b5 {[%cal Bb7b5,Bb5b4][%mdl 32]} 5. Bb3 b4 6. Nce2 Nf6 7. e5 {B06: Moderne Verteidigung} Nd5 {LiveBook: 7 Partien} 8. a3 d6 $146 ({Vorgänger:} 8... bxa3 9. Rxa3 d6 10. f4 Nc7 11. Nf3 Bg4 12. O-O O-O 13. Qe1 e6 14. Be3 Nd7 {½-½ (50) Talla,V (2362)-Vokac,M (2495) Lazne Bohdanec 1999}) 9. exd6 {Weiß steht besser.} Qxd6 10. axb4 Qxb4+ 11. Bd2 Qb6 12. Nf3 Bg4 13. Ba5 Qb7 14. Ne5 Be6 15. c4 Nc7 16. Nf4 (16. O-O $16) 16... O-O (16... Nd7 $1 $11 {hält das Gleichgewicht.}) 17. O-O Nd7 18. Nxc6 ({Lieber} 18. Bxc7 $1 $16 Qxc7 19. Nxe6 fxe6 20. Nf3) 18... Qxc6 $11 19. d5 {[#]} Bxd5 $1 {[%mdl 512]} 20. cxd5 Qd6 21. Rc1 Rac8 {[#]} (21... Nb6 $11 22. Rc6 Qd7) 22. Ne2 (22. Nxg6 $1 $14 {[%mdl 512]} hxg6 (22... Qxg6 23. Rc6) 23. Rc6) 22... Nc5 $15 23. Bb4 N7a6 24. Ba3 Rb8 25. Bc4 {Und Lxa6 würde nun gewinnen.} Bxb2 26. Bxb2 Rxb2 27. Nd4 Nb4 28. Qf3 {zielt auf Da3 ab.} Qe5 29. Rfd1 Qe4 $2 (29... Qf6 $11 {und Schwarz muss sich keine Sorgen machen.}) 30. Qc3 $1 $18 {[%cal Rc3b2][%mdl 1024] Weiss hat starke Kompensation.} Na4 31. Qa3 $1 {[%cal Ra3a4]} Rc8 $2 (31... Nc2 {ist eine bessere Chance.} 32. Rxc2 Rxc2 33. Qxa4 Rb2) 32. f3 $4 {[%mdl 8192]} ({Nicht} 32. Qxa4 Qf4 $14) (32. d6 $18 {war der einzige Gewinnzug.}) 32... Qe5 $2 $40 {[%mdl 128] Weiss muss sich nun genau verteidigen.} (32... Qh4 $19 {( -> ...Df2+)} 33. Kh1 Qf2) 33. Kh1 $2 {[#]} ({Viel schwächer wäre} 33. Qxa4 Qg5 $17) (33. Nc6 $11 Nxc6 34. dxc6 Qc5+ 35. Qxc5 Nxc5 36. Bxf7+ $1 {[%mdl 512]} Kxf7 37. Rxc5) 33... Nc2 $1 $17 {[%cal Rc2a3,Bb4c2,Bc2d4,Bd4f3][%mdl 544]} 34. Qxa4 (34. Nxc2 $17 {ist eine bessere Verteidigung.} Rxc4 35. Ne3 Rxc1 36. Rxc1) (34. Rxc2 Rxc2) 34... Nxd4 $19 35. Qa1 $2 {[#]} (35. Qd7 $19 Rxc4 36. Rxc4) 35... Nxf3 $1 {[%mdl 512] Precision: Weiß = 38%, Schwarz = 49%.} 0-1

[Event "TUR-chT Superleague 2018"]
[Site "Ankara"]
[Date "2018.07.28"]
[Round "4"]
[White "Kerigan, Demre"]
[Black "Zeydan, Salih"]
[Result "0-1"]
[WhiteElo "2366"]
[BlackElo "2061"]
[Annotator "NA"]
[PlyCount "60"]
[EventDate "2018.07.25"]
[EventType "team-tourn"]
[EventCountry "TUR"]
[SourceTitle "playchess.com"]
[Source "ChessBase"]
[SourceQuality "1"]
[TimeControl "40/5400+30:1800+30"]

1. g3 {[%emt 0:00:30]} d5 {[%emt 0:02:00]} 2. Bg2 {[%emt 0:00:00]} Nf6 {[%emt 0:00:00]} 3. d3 {[%emt 0:00:00]} g6 {[%emt 0:05:00]} 4. Nf3 {[%emt 0:01:30]} Bg7 {[%emt 0:00:30]} 5. O-O {[%emt 0:00:30]} O-O {[%emt 0:00:30]} 6. c3 {[%emt 0:01:30]} Nc6 {[%emt 0:08:30]} 7. Qc2 {[%emt 0:05:30]} e5 {[%emt 0:03:30]} 8. e4 {[%emt 0:02:30]} h6 {[%emt 0:02:30]} 9. b4 {[%emt 0:00:30]} a6 {[%emt 0:03:30]} 10. Bb2 {[%emt 0:05:30]} Be6 {[%emt 0:07:30]} 11. Nbd2 {[%emt 0:03:30]} dxe4 {[%emt 0:04:30]} 12. dxe4 {[%emt 0:02:30]} Nd7 {[%emt 0:05:30]} 13. a3 {[%emt 0:02:30]} Qe7 {[%emt 0:08:30]} 14. Rfe1 {[%emt 0:07:30]} Nb6 {[%emt 0:11:30]} 15. c4 {[%emt 0:11:30]} a5 {[%emt 0:05:30]} 16. c5 {[%emt 0:10:30]} axb4 {[%emt 0:02:30]} 17. cxb6 {[%emt 0:02:30]} bxa3 {[%emt 0:01:30]} 18. Bc1 {[%emt 0:15:30]} cxb6 {[%emt 0:06:30]} 19. Nb1 {[%emt 0:12:23]} a2 {[%emt 0:06:27]} 20. Nc3 {[%emt 0:01:36]} Nd4 {[%emt 0:05:26]} 21. Qb2 {[%emt 0:01:57]} Rfc8 {[%emt 0:01:38]} 22. Be3 {[%emt 0:09:02]} Qa3 {[%emt 0:04:12]} 23. Qxa3 {[%emt 0:00:34]} Rxa3 {[%emt 0:00:03]} 24. Bxd4 {[%emt 0:00:01]} exd4 {[%emt 0:01:00]} 25. Nb5 {[%emt 0:00:03]} Rxf3 {[%emt 0:02:37]} 26. Bxf3 {[%emt 0:00:30]} d3 {[%emt 0:00:00]} 27. Rad1 {[%emt 0:01:52]} Bb2 {[%emt 0:02:32]} 28. Kg2 {[%emt 0:01:08]} Rc2 {[%emt 0:00:33]} 29. Ra1 {[%emt 0:00:41]} d2 {[%emt 0:00:39]} 30. Red1 {[%emt 0:00:19]} Bxa1 {[%emt 0:00:00]} 0-1

[Event "TUR-chT Superleague 2018"]
[Site "Ankara"]
[Date "2018.07.28"]
[Round "4"]
[White "Soylu, Suat"]
[Black "Solak, Dragan"]
[Result "0-1"]
[WhiteElo "2339"]
[BlackElo "2603"]
[Annotator "ChessBase"]
[PlyCount "78"]
[EventDate "2018.07.25"]
[EventType "team-tourn"]
[EventCountry "TUR"]
[SourceTitle "playchess.com"]
[Source "ChessBase"]
[SourceQuality "1"]
[TimeControl "40/5400+30:1800+30"]

1. e4 {[%emt 0:00:30]} d6 {[%emt 0:01:00]} 2. d4 {[%emt 0:00:30]} Nf6 {[%emt 0:00:30]} 3. Nc3 {[%emt 0:00:30]} e5 {[%emt 0:00:00]} 4. Nf3 {[%emt 0:00:30]} Nbd7 {[%emt 0:00:00]} 5. Bc4 {[%emt 0:00:30]} exd4 {[%emt 0:00:30]} 6. Qxd4 {[%emt 0:09:30]} Be7 {[%emt 0:02:30]} 7. O-O {[%emt 0:08:30]} O-O {[%emt 0:00:30]} 8. a3 {[%emt 0:14:30]} Nb6 {[%emt 0:07:30]} 9. Ba2 {[%emt 0:02:30]} Bg4 {[%emt 0:00:30]} 10. Qd3 {[%emt 0:02:30]} Nfd7 {[%emt 0:01:30]} 11. Nd4 {[%emt 0:01:30]} Ne5 {[%emt 0:04:30]} 12. Qe3 {[%emt 0:02:30]} Nbc4 {[%emt 0:25:30]} 13. Qf4 {[%emt 0:03:30]} Qd7 {[%emt 0:10:30]} 14. Qg3 {[%emt 0:08:30]} c5 {[%emt 0:18:30]} 15. Nf5 {[%emt 0:06:30]} Bxf5 {[%emt 0:02:30]} 16. exf5 {[%emt 0:00:00]} Nb6 {[%emt 0:05:37]} 17. Bh6 {[%emt 0:02:00]} Bf6 {[%emt 0:00:38]} 18. f4 {[%emt 0:04:30]} Ng6 {[%emt 0:03:44]} 19. fxg6 {[%emt 0:00:30]} gxh6 {[%emt 0:00:09]} 20. gxf7+ {[%emt 0:00:30]} Kh8 {[%emt 0:00:07]} 21. Rad1 {[%emt 0:03:30]} c4 {[%emt 0:00:29]} 22. Ne4 {[%emt 0:01:30]} Qxf7 {[%emt 0:00:26]} 23. Nxd6 {[%emt 0:01:30]} Qh5 {[%emt 0:02:01]} 24. f5 {[%emt 0:12:33]} Rad8 {[%emt 0:00:47]} 25. c3 {[%emt 0:04:17]} Rd7 {[%emt 0:02:05]} 26. Qe3 {[%emt 0:03:18]} Nc8 {[%emt 0:04:47]} 27. Qe6 {[%emt 0:00:59]} Re7 {[%emt 0:00:44]} 28. Qxc4 {[%emt 0:01:49]} Nxd6 {[%emt 0:02:41]} 29. Qd3 {[%emt 0:03:34]} Nf7 {[%emt 0:01:14]} 30. Qf3 {[%emt 0:00:46]} Qxf3 {[%emt 0:01:53]} 31. Rxf3 {[%emt 0:00:01]} h5 {[%emt 0:00:12]} 32. Rfd3 {[%emt 0:00:31]} Rfe8 {[%emt 0:01:10]} 33. Rd7 {[%emt 0:00:38]} Kg7 {[%emt 0:00:19]} 34. Kf1 {[%emt 0:00:38]} Rxd7 {[%emt 0:01:16]} 35. Rxd7 {[%emt 0:00:01]} Re7 {[%emt 0:00:06]} 36. Rd1 {[%emt 0:00:26]} h4 {[%emt 0:00:36]} 37. a4 {[%emt 0:00:41]} Be5 {[%emt 0:00:23]} 38. Re1 {[%emt 0:01:01]} Kf6 {[%emt 0:00:53]} 39. h3 {[%emt 0:00:23]} Nd6 {[%emt 0:00:32]} 0-1

[Event "TUR-chT Superleague 2018"]
[Site "Ankara"]
[Date "2018.07.28"]
[Round "4"]
[White "Buksa, Nataliya"]
[Black "Aydin, Gulenay"]
[Result "1-0"]
[WhiteElo "2337"]
[BlackElo "1732"]
[Annotator "NA"]
[PlyCount "103"]
[EventDate "2018.07.25"]
[EventType "team-tourn"]
[EventCountry "TUR"]
[SourceTitle "playchess.com"]
[Source "ChessBase"]
[SourceQuality "1"]
[TimeControl "40/5400+30:1800+30"]

1. e4 {[%emt 0:00:30]} c5 {[%emt 0:01:00]} 2. Nf3 {[%emt 0:00:30]} d6 {[%emt 0:00:30]} 3. d4 {[%emt 0:00:30]} cxd4 {[%emt 0:00:30]} 4. Nxd4 {[%emt 0:00:00]} Nf6 {[%emt 0:00:00]} 5. Nc3 {[%emt 0:00:00]} g6 {[%emt 0:00:00]} 6. Be3 {[%emt 0:00:00]} Bg7 {[%emt 0:00:30]} 7. f3 {[%emt 0:00:00]} a6 {[%emt 0:00:30]} 8. Qd2 {[%emt 0:02:30]} h5 {[%emt 0:01:30]} 9. Be2 {[%emt 0:00:30]} Nbd7 {[%emt 0:07:30]} 10. O-O {[%emt 0:00:30]} O-O {[%emt 0:02:30]} 11. Nd5 {[%emt 0:06:30]} e5 {[%emt 0:26:30]} 12. Nb3 {[%emt 0:01:30]} Nxd5 {[%emt 0:00:30]} 13. Qxd5 {[%emt 0:01:30]} Nf6 {[%emt 0:02:30]} 14. Qd2 {[%emt 0:02:30]} Qc7 {[%emt 0:03:30]} 15. c4 {[%emt 0:04:30]} Be6 {[%emt 0:09:30]} 16. Rfd1 {[%emt 0:10:30]} Rfd8 {[%emt 0:03:30]} 17. Rac1 {[%emt 0:05:30]} b6 {[%emt 0:05:30]} 18. Na1 {[%emt 0:03:30]} Bf8 {[%emt 0:04:30]} 19. Nc2 {[%emt 0:01:30]} a5 {[%emt 0:13:12]} 20. Na3 {[%emt 0:00:30]} Rac8 {[%emt 0:01:41]} 21. Nb5 {[%emt 0:00:30]} Qb8 {[%emt 0:00:59]} 22. Bg5 {[%emt 0:09:30]} Be7 {[%emt 0:00:30]} 23. b3 {[%emt 0:00:30]} Rd7 {[%emt 0:04:42]} 24. Nc3 {[%emt 0:15:30]} Rdc7 {[%emt 0:01:51]} 25. Qe1 {[%emt 0:11:30]} Ne8 {[%emt 0:01:55]} 26. Be3 {[%emt 0:00:30]} Nf6 {[%emt 0:03:18]} 27. Nb5 {[%emt 0:01:30]} Rc6 {[%emt 0:01:17]} 28. Bg5 {[%emt 0:00:30]} Re8 {[%emt 0:00:31]} 29. Rd3 {[%emt 0:00:30]} Nd7 {[%emt 0:03:57]} 30. Bxe7 {[%emt 0:01:30]} Rxe7 {[%emt 0:00:30]} 31. Rcd1 {[%emt 0:00:30]} Nc5 {[%emt 0:00:30]} 32. Rxd6 {[%emt 0:00:30]} Rxd6 {[%emt 0:00:30]} 33. Rxd6 {[%emt 0:00:00]} Rd7 {[%emt 0:00:06]} 34. Qd1 {[%emt 0:05:02]} Rxd6 {[%emt 0:00:40]} 35. Nxd6 {[%emt 0:01:13]} Qd8 {[%emt 0:00:35]} 36. g3 {[%emt 0:00:06]} Qd7 {[%emt 0:00:59]} 37. Nb5 {[%emt 0:00:08]} Qxd1+ {[%emt 0:00:24]} 38. Bxd1 {[%emt 0:00:02]} Bd7 {[%emt 0:00:19]} 39. Nc3 {[%emt 0:00:31]} Bc6 {[%emt 0:00:23]} 40. Kf2 {[%emt 0:00:00]} Kf8 {[%emt 0:01:11]} 41. Ke3 {[%emt 0:04:28]} Ke7 {[%emt 0:08:30]} 42. a3 {[%emt 0:00:30]} Kd6 {[%emt 0:07:47]} 43. f4 {[%emt 0:14:30]} f6 {[%emt 0:01:10]} 44. b4 {[%emt 0:12:01]} axb4 {[%emt 0:04:07]} 45. axb4 {[%emt 0:00:03]} Ne6 {[%emt 0:01:59]} 46. Nd5 {[%emt 0:03:16]} Bxd5 {[%emt 0:00:30]} 47. exd5 {[%emt 0:00:00]} Nd4 {[%emt 0:07:47]} 48. Ke4 {[%emt 0:00:00]} Nf5 {[%emt 0:00:50]} 49. fxe5+ {[%emt 0:00:55]} fxe5 {[%emt 0:00:30]} 50. Bxh5 {[%emt 0:00:00]} Ne7 {[%emt 0:00:02]} 51. Bg4 {[%emt 0:00:52]} Ng8 {[%emt 0:00:34]} 52. c5+ {[%emt 0:00:08]} 1-0